000
00284nam a2200109Ia 4500
008
200302s9999 xx 000 0 und d
100
_a
Tillotson G. H. R.
245
_a
Architectural Guides for Travellers Mughal India
260
_b
Penguin Books Ltd.
260
_c
1990
300
_a
150 P.,
999
_c
909
_d
909